Normal view
MARC view
- Shaheen, Javed
Entry Personal Name
001 - CONTROL NUMBER
- control field: 16640
003 - CONTROL NUMBER IDENTIFIER
- control field: NUST
005 - DATE AND TIME OF LATEST TRANSACTION
- control field: 20190704050805.0
008 - FIXED-LENGTH DATA ELEMENTS
- fixed length control field: 190704|| aca||aabn | a|a d
040 ## - CATALOGING SOURCE
- Original cataloging agency: NUST
- Transcribing agency: NUST
100 ## - HEADING--PERSONAL NAME
- Personal name: Shaheen, Javed
670 ## - SOURCE DATA FOUND
- Source citation: Work cat.: (NUST): Shaheen, Javed, Sermyadari kay Dakhily Tazadaat /, 2005.
